000 00688nam a2200229Ia 4500
001 16974
003 GE_BSU
008 181216s||||||||xx |||||||||||||| ||und||
040 _cGE_BSU
080 _a821.353.1-31
100 _aბეჟანიშვილი, როსტომ
245 _aმშვიდობა სახლსა ამას
245 _bრომანი.
245 _cრედ.ლ.არაბიძე
260 _aთბილისი
260 _bმერანი
260 _c1984
300 _a362გვ. ; 20სმ.
653 _aმშვიდობა სახლსა ამას
653 _aრომანი
942 _cBK
999 _c50036
_d50036